000 00562nam a2200229Ia 4500
003 OSt
005 20240427051839.0
008 210329s9999||||xx |||||||||||||| ||und||
020 _a8123707533
040 _cSTCPL
041 _aENG
082 _a791.43
_bCHI-C
100 _aGupta, Chidananda Das
245 4 _aThe cinema of satyajit ray /
_cby Chidananda Das Gupta
250 _a2nd ed.
260 _aNew Delhi :
_bNational Book Trust ,
_c2001 .
300 _a204 p.
_bPB
650 _aFilm
650 _aMotion pictures
942 _cBK
942 _2ddc
999 _c63179
_d63179